| 000 | 00484nam a2200181 4500 | ||
|---|---|---|---|
| 003 | SEACOMMC | ||
| 005 | 20250426135041.0 | ||
| 008 | 241213b |||||||| |||| 00| 0 eng d | ||
| 020 |
_a 978-0-76193-326-7 _cRs.420.00 |
||
| 040 | _aSEACOMMC | ||
| 082 |
_a 808.2 _bD 278 |
||
| 100 | _a De Fossard,Esta | ||
| 245 | 1 |
_aWriting and Producing Radio Dramas _cEsta, DeFossard |
|
| 260 |
_a New Delhi _b Sage Publications _c 2005 |
||
| 300 | _aVol. 01 | ||
| 650 | _aLiteratures | ||
| 942 | _cBOOK | ||
| 999 |
_c871 _d871 |
||